[Event "FRA-chT1A 0809"]
[Site "France"]
[Date "2009.03.15"]
[Round "9.7"]
[White "Laruelle, Joel"]
[Black "Einhorn, Olympe"]
[Result "1-0"]
[WhiteElo "2133"]
[BlackElo "1540"]
[PlyCount "31"]
[EventDate "2008.10.19"]
[EventType "team-tourn"]
[EventRounds "11"]
[EventCountry "FRA"]
[SourceTitle "EXT 2010"]
[Source "ChessBase"]
[SourceDate "2010.11.25"]
[SourceVersion "1"]
[SourceVersionDate "2010.11.25"]
[SourceQuality "1"]
[WhiteTeam "Hyeres"]
[BlackTeam "Belfort"]
[WhiteTeamCountry "FRA"]
[BlackTeamCountry "FRA"]

1. e4 e5 2. Nc3 Nc6 3. Bc4 Bc5 4. Qg4 g6 5. Qg3 d6 6. Nf3 Be6 7. Bxe6 fxe6 8. d3 Qf6 9. 0-0 h6 10. Be3 Bb6 11. Qh3 Rd8 12. Bxb6 axb6 13. Nb5 Qg7 14. Qxe6+ Kf8 15. Nh4 Nge7 16. f4 1-0

[Event "FRA-ch U16 Girls"]
[Site "Le Grand Bornand"]
[Date "2007.04.??"]
[Round "8"]
[White "Einhorn, Olympe"]
[Black "Rodange, Barbara"]
[Result "1-0"]
[WhiteElo "1550"]
[BlackElo "1710"]
[PlyCount "119"]
[EventDate "2007.04.07"]
[EventType "swiss"]
[EventRounds "9"]
[EventCountry "FRA"]
[SourceTitle "CBM 118 Extra"]
[Source "ChessBase"]
[SourceDate "2007.07.04"]
[SourceVersion "1"]
[SourceVersionDate "2007.07.04"]
[SourceQuality "1"]

1. e4 e5 2. Nf3 d6 3. Nc3 Nf6 4. Bc4 Be7 5. d3 0-0 6. h3 c6 7. Bb3 Nbd7 8. d4 exd4 9. Qxd4 Nc5 10. Bc4 Re8 11. 0-0 Nfd7 12. a3 Nb6 13. Ba2 Bf6 14. e5 Bxe5 15. Nxe5 Rxe5 16. Bf4 Re8 17. Bxd6 Ne6 18. Qe5 Ng5 19. Qg3 Be6 20. Bxe6 Rxe6 21. Bf4 Rg6 22. Rad1 Qf6 23. Bxg5 Qxg5 24. Qxg5 Rxg5 25. Rfe1 Kf8 26. Rd4 Re8 27. Rxe8+ Kxe8 28. Ne4 Re5 29. Nd6+ Ke7 30. Nxb7 Re1+ 31. Kh2 Re2 32. Kg3 Rxc2 33. Re4+ Kf6 34. Nd6 Rxb2 35. Ne8+ Kf5 36. Rf4+ Ke5 37. Rxf7 Rb3+ 38. f3 Rxa3 39. Nxg7 c5 40. Kg4 c4 41. f4+ Ke4 42. f5 c3 43. f6 c2 44. Rc7 Nd5 45. Rxc2 Nxf6+ 46. Kh4 Ke5 47. g4 Ra4 48. Rc5+ Kd6 49. Rf5 Ke7 50. Kg5 Ne4+ 51. Kh6 Ra3 52. Re5+ Kf6 53. Rxe4 Rxh3+ 54. Nh5+ Kf7 55. Ra4 Rh4 56. Rxa7+ Ke6 57. g5 Kf5 58. Rxh7 Rh3 59. g6 Kg4 60. Kg7 1-0

[Event "FRA-ch U16 Girls"]
[Site "Le Grand Bornand"]
[Date "2007.04.??"]
[Round "9"]
[White "Muller, Marion"]
[Black "Einhorn, Olympe"]
[Result "1-0"]
[WhiteElo "1757"]
[BlackElo "1550"]
[PlyCount "107"]
[EventDate "2007.04.07"]
[EventType "swiss"]
[EventRounds "9"]
[EventCountry "FRA"]
[SourceTitle "CBM 118 Extra"]
[Source "ChessBase"]
[SourceDate "2007.07.04"]
[SourceVersion "1"]
[SourceVersionDate "2007.07.04"]
[SourceQuality "1"]

1. e4 e5 2. Nf3 Nc6 3. Bc4 Nf6 4. d3 h6 5. Nbd2 Bc5 6. Nf1 d5 7. exd5 Nxd5 8. Ng3 Nf6 9. 0-0 0-0 10. h3 Nh7 11. Re1 Qf6 12. Ne4 Qe7 13. Nxc5 Qxc5 14. Be3 Qd6 15. a3 Qf6 16. Bc5 Re8 17. c3 Ng5 18. Nxg5 Qxg5 19. Qf3 Be6 20. Bb5 Bd7 21. Be3 Qg6 22. Rad1 a6 23. Bc4 Be6 24. Bxe6 Rxe6 25. Qe4 Qh5 26. f3 Rg6 27. Kh2 f5 28. Qd5+ Kh8 29. Re2 f4 30. Bf2 Qg5 31. Be1 Rd8 32. Qe4 h5 33. b4 Qh6 34. Bh4 Rd7 35. a4 Re6 36. b5 axb5 37. axb5 Na5 38. Ra1 b6 39. d4 g5 40. Be1 g4 41. dxe5 g3+ 42. Kg1 Qg5 43. Kf1 Rde7 44. Qa8+ Kg7 45. Bd2 Rxe5 46. Rae1 Rxe2 47. Rxe2 Rxe2 48. Kxe2 Qxb5+ 49. Ke1 Qf5 50. Qe4 Qc5 51. Qd4+ Qxd4 52. cxd4 Nb3 53. Bxf4 Nxd4 54. Be5+ 1-0